00974nam a2200217 a 450000100100000000500170001000800410002704000260006824500680009426000720016230000210023449000910025549000250034650400730037150400330044450000700047770000410054771000540058883000890064283000250073100004327820250909091242.0140303s2011 sp 000 0 spa d aDO-SdBNPbspiacBNPHU00aSimón Bolivar /cedición de Luis Horacio López Dominguez. aMadrid :bAgencia Española de Cooperación Internacional,c2011. a267 p. ;c24 cm.1 aAntología del pensamiento político, social y económico de América latina ;v281 aCiencias y humanismo aIncluye referencias bibliográficas y notas al pie de las páginas aBibliografía : p. 256 -267 aIncluye datos biográficos del autor en al solapa de la cubierta1 aLópez Dominguez, Luis Horacioeed.2 aAgencia Española de Cooperación Internacional 0aAntología del pensamiento político, social y económico de América latinav28 0aCiencias y humanismo